LEADER 01057nam 2200349 450 001 990003604270203316 005 20111213163029.0 035 $a000360427 035 $aUSA01000360427 035 $a(ALEPH)000360427USA01 035 $a000360427 100 $a20111213d1929----km-y0itay50------ba 101 0 $aita 102 $aIT 105 $ay|||||||001yy 200 1 $a"Intus ... gelenses"$esaggio di studi geografici con illustrazioni$fFilippo Piazza 210 $aCatania$cEditoriale Siciliana Tipografica$d1929 215 $a251 p.$cill.$d25 cm 606 0 $aGela$xStoria$2BNCF 676 $a945.821 700 1$aPIAZZA,$bFilippo$0611186 801 0$aIT$bsalbc$gISBD 912 $a990003604270203316 951 $aXV.2.A. 1047$b1726 F.C.$cXV.2.A. 959 $aBK 969 $aCUOMO 979 $aCACCAVO$b90$c20111213$lUSA01$h1620 979 $aCACCAVO$b90$c20111213$lUSA01$h1625 979 $aCACCAVO$b90$c20111213$lUSA01$h1630 979 $aCACCAVO$b90$c20111213$lUSA01$h1630 996 $a"Intus ... gelenses"$91135779 997 $aUNISA LEADER 01086nam0-22003611i-450- 001 990005465030403321 005 20130702182011.0 035 $a000546503 035 $aFED01000546503 035 $a(Aleph)000546503FED01 035 $a000546503 100 $a20130702d1964----km-y0itay50------ba 101 0 $aita 102 $aIT 105 $ay-------001yy 200 1 $a<>Regno di Carlo di Borbone in Sicilia (1734-1759)$fGaetano Falzone 205 $a3. ed. riveduta e corretta 210 $aBologna$cRiccardo Patron$dc1964 215 $a199 p.$d25 cm 225 1 $aStoria del Risorgimento italiano 610 0 $aSicilia$aStoria$aSec. 18. 676 $a945.807$v21$zita 700 1$aFalzone,$bGaetano$0141678 801 0$aIT$bUNINA$gRICA$2UNIMARC 901 $aBK 912 $a990005465030403321 952 $a945.807 FAL 1$bI.st.r.c.99$fFLFBC 952 $a945.807 FAL 1 (BIS)$bST.MED.MOD. 5673$fFLFBC 952 $aN03.574$b8206$fDECTS 959 $aFLFBC 959 $aDECTS 996 $aRegno di Carlo di Borbone in Sicilia (1734-1759$9588304 997 $aUNINA